Adaptivní řízení založené na parametrizaci systému s využitím delta-modelů

Bibliographic Details
Main Authors: Gazdoš, František (Author), Dostál, Petr, 1945- (Author)
Format: Article
Language:Czech
PhysicalDescription:Grafy, sch.
ISSN:1335-2237
Subjects:

MARC

LEADER 00000nab a2200000 a 4500
001 vtls000848107
003 SK-MaSNL
005 20260303204903.0
008 161006c2003 xo 0 cze
015 |a SNBRB2003/10-28236 
035 |a CLN000199762 
040 |a SNKBUCL  |b slo  |c SNKBUCL  |e AACR2 
041 0 |a cze 
044 |a xo  |c SK 
080 |a 681.513.6.015  |2 1997 
080 |a 681.511.4  |2 1997 
100 1 |a Gazdoš, František  |4 aut  |9 827544 
245 1 0 |a Adaptivní řízení založené na parametrizaci systému s využitím delta-modelů  |c František Gazdoš, Petr Dostál 
300 |b Grafy, sch. 
504 |a Res. angl., čes. 
504 |a Bibligor. odkazy 
650 0 7 |a procesy technologické nelineárne  |x riadenie adaptívne  |x parametrizácia Youlova-Kučerova  |x modely delta  |2 snkbucl  |9 1239019 
650 0 7 |a adaptívne riadenie  |2 snkbucl  |9 78793 
655 7 |a články z novín a časopisov  |2 snkbucl  |9 267496 
700 1 |a Dostál, Petr,  |d 1945-  |4 aut  |9 113153 
773 0 |t AT&P journal  |g Roč. 10, č. plus 4 (2003), s. 32-36  |x 1335-2237 
850 |a Slovenská národná knižnica v Martine 
852 |a SNK  |b KIS3GCP 
958 |a NB 
992 |a RBX 
999 |c 2192425  |d 2194355